Statistics for Top 10 Most Dangerous Countries!

Click here to take the quiz!

General Stats

  • This quiz has been taken 266 times
  • The average score is 6 of 10

Answer Stats

HintAnswer% Correct
Iraq
85%
Afghanistan
79%
Pakistan
72%
Somalia
70%
Nigeria
55%
North Korea
54%
Congo
53%
Yemen
48%
Algeria
28%
Zimbabwe
23%

Score Distribution

Percentile by Number Answered

Percent of People with Each Score

Your Score History

You have not taken this quiz